000
00287nam a22001337a 4500
008
170418b xxu||||| |||| 00| 0 eng d
020
_a
9781464107207
041
_a
eng
080
_a
573
100
_a
10
101
_a
SHM
245
_a
A GUIDE TO BIOLOGY
_c
PHELAN, J
942
_2
udc
_c
BK
999
_c
10935
_d
10935